| 000 | 00535nam a22001577a 4500 | ||
|---|---|---|---|
| 003 | NUST | ||
| 038 | _aNusrat Nadeem | ||
| 082 | _a200 | ||
| 100 |
_aMalik, Maria _9132695 |
||
| 245 |
_aFinancial Development and Technical Efficiency in Transitional Economies: Evidence from BLEND Countries/ _cMaria Malik, |
||
| 264 |
_aIslamabad: _bS3H NUST. _c2025. |
||
| 690 |
_aMS- Economics _9123068 |
||
| 700 |
_aSupervisor: Dr. Muhammad Irfan Malik _9129096 |
||
| 856 | _uhttp://10.250.8.41:8080/xmlui/handle/123456789/57076 | ||
| 942 |
_2ddc _cSC |
||
| 999 |
_c615765 _d615765 |
||